000 00666nam a2200217Ia 4500
003 PILC
005 20160707113025.0
008 140512s9999 xx 000 0 und d
020 _a9780199138784
050 _aQD 33
_b.G162 2007
100 _aGallagher, Rose Marie
245 _aComplete chemistry for Cambridge IGCSE
_cRose Marie Gallagher ; Paul Ingram
250 _a2nd ed.
260 _aNew York :
_bOxford University Press,
_cc2007.
300 _a320 p. :
_bcol. Ill. ;
_c28 cm.
500 _aIncludes Reference, Glossary, Index
650 _aChemistry
_xExaminations -- Study guide
700 _aIngram, Paul
942 _cBK
_2lcc
999 _c116678
_d116678